Capital Cities with the Lowest Elevation - Statistics

General Stats
  • This quiz has been taken 86 times
  • The average score is 14 of 34
Answer Stats
Elevation (m) Answer Elevation (ft) % Correct
-2 Amsterdam -7
72%
0 Malé 0
64%
0 Kingstown 0
58%
0 Suva 0
54%
0 Victoria 0
52%
-28 Baku -92
51%
0 Singapore 0
51%
0 Apia 0
49%
0 Funafuti 0
49%
0 Santo Domingo 0
49%
0 South Tarawa 0
49%
2 Washington D.C. 7
49%
0 Monaco 0
48%
2 Nassau 7
48%
0 Saint John's 0
48%
0 Nuku'alofa 0
46%
0 Georgetown 0
45%
0 Praia 0
45%
0 Port of Spain 0
43%
0 Port Vila 0
42%
0 Basseterre 0
40%
1 Bangkok 3
39%
0 Roseau 0
37%
0 Panama City 0
36%
1 Algiers 3
34%
0 Tunis 0
34%
0 Banjul 0
31%
0 Bissau 0
31%
0 Djibouti 0
30%
1 Paramaribo 3
30%
0 Bandar Seri Begawan 0
28%
0 Conakry 0
24%
0 Monrovia 0
24%
0 Libreville 0
18%
No matching quizzes found
Score Distribution
Percent of People with Each Score
Percentile by Number Answered
Your Score History
You have not taken this quiz